00604nam a22001577a 450000500170000001000150001702000260003203500130005803700130007108200080008424501840009226000310027627000830030730000260039049000300041620140925144103.0 aENG-110905 a9789351432531c695.00 aEN-94437 bDBAD/PUB a340 aUGC NET law :ban objective approach for the paper II and III (Junior research fellowship and lecturership examinations) as per the latest pattern of examination w.e.f. June 2012 aGurgaonbLexis Nexisc2014 a14th Floor, Building No.10, Tower-B, DLF Cyber City, Phase-IIbGurgaone122002 axii,680p. c24cm(pbk) aCatapult test prep series